000 00500nam a22001817a 4500
005 20251108171844.0
008 250721s9999 xx 000 0 ara d
082 1 4 _a618.392/ماه
100 1 _aمهران، ماهر
245 1 0 _aالإجهاض /
264 1 _aبيروت :
_bمؤسسة عز الدين للطباعة و النشر،
300 _a183ص.
490 0 _aالمكتبة الطبية
650 1 7 _aالإجهاض
650 1 7 _aالحمل
942 _2ddc
_cBK
999 _c64366
_d64366